| 000 | 00690nab a2200217u 4500 | ||
|---|---|---|---|
| 001 | 19375 | ||
| 003 | HDC | ||
| 007 | c| |||a|c|aaaa | ||
| 008 | 210226b20100119my ||||o |||| 00| 0 eng d | ||
| 040 | _aHDC | ||
| 245 | 0 | _aAnchorage's first halal grocery opens | |
| 336 |
_atext _2rdacontent |
||
| 337 |
_acomputer _2rdamedia |
||
| 338 |
_aonline resource _2rdacarrier |
||
| 650 |
_aAlaska's First Halal Grocery _917820 |
||
| 650 |
_aHalal meat _91025 |
||
| 856 | _zRequest full-text at [email protected] | ||
| 942 | _2lcc | ||
| 942 | _cNEWS | ||
| 942 | _kNWS0 003538 | ||
| 999 |
_c16691 _d16691 |
||